000 01086nam a22002657a 4500
005 2009111306196.0
008 091113t xxu||||| |||| 00| 0 eng d
010 _aENG-95494
020 _a9788131306550
_c1495.00
035 _aEN-78027
037 _bDBAD/PUB
040 _aDPL
100 _aMishra, B.B.
245 _aEnvironmental Microbiology
_c by B.B. Mishra, D.R.Nada and S.R. Dave
260 _aNew Delhi
_bAPH. Publishing Corporation
_c2009
270 _a4435-36/7 Ansari Road, Darya Ganj
_bNew Delhi
_e110002
300 _avi, 338p.
_c22 cm.(Hb)
500 _aIncluddes bibliogrephial refernces and Index
700 _aNanda. D.R.
700 _aDave, S.R.
856 _uhttp://www.loc.gov/catdir/toc/ecip0721/2007025342.html
942 _2ddc
_cEN
_mMIS
999 _c31930
_d31930